| 000 | 00748cam a2200205ua 4500 | ||
|---|---|---|---|
| 001 | 25000 | ||
| 008 | 191003n2015 II |||gr||||Z||||||eng | ||
| 082 | _a515.3 | ||
| 245 | 1 |
_aADVANCED DIFFERENTIAL CALCULUS _hTextual Documents |
|
| 250 | _a21 st. | ||
| 260 |
_aMEERUT _bKRISHNA PRAKASHAN MANDIR _c2015 |
||
| 300 | _a242. | ||
| 653 | _aDifferential Calculus | ||
| 700 | 1 |
_aSARMAH , J N-.N.,1 _eAUTHOR. |
|
| 999 |
_c28247 _d28247 |
||